Die 58 beliebtesten ♂ ♀ Vornamen in Portugal - Statistiken

Allgemein
  • Dieses Quiz wurde 42 mal gespielt
  • Das Durchschnittsergebnis liegt bei 15 aus 60
Antwortstatistiken
♀ / ♂ Name % Korrekt
Mädchen - - > ⤵️
100%
Jungen - - > ⤵️
100%
M5 Maria
83%
J4 Joao
69%
L4 Luis
52%
A3 Ana
45%
C9 Cristiano
45%
P5 Pedro
41%
A5 André
38%
A7 Antonio
38%
B5 Bruno
38%
D6 Daniel
38%
R3 Rui
38%
S5 Sofia
38%
T5 Tiago
38%
D5 Diogo
34%
F9 Francisco
34%
G7 Gabriel
34%
N4 Nuno
34%
T5 Tomas
34%
J4 José
31%
G7 Goncalo
28%
H4 Hugo
28%
J5 Joana
28%
M5 Marta
28%
M6 Miguel
28%
B7 Beatriz
24%
D5 David
24%
M6 Martim
24%
R7 Rodrigo
24%
J5 Jorge
21%
M7 Matilde
21%
I4 Inés
17%
C6 Carlos
14%
C8 Carolina
14%
C8 Catarina
14%
M8 Madalena
14%
R4 Rita
14%
T6 Teresa
14%
V7 Vanessa
14%
A5 Alice
10%
F9 Francisca
10%
M7 Mariana
10%
P8 Patricia
10%
S8 Santiago
10%
S4 Sara
10%
C6 Camila
7%
C7 Claudia
7%
M7 Mafalda
7%
M6 Marcos
7%
M6 Marisa
7%
S6 Susana
7%
A7 Alfonso
3%
B8 Benedita
3%
D6 Duarte
3%
F6 Filipa
3%
L6 Leonor
3%
L8 Lourenco
3%
M9 Margarida
3%
R6 Raquel
3%
Keine übereinstimmenden Quizze gefunden
Verteilung der Resultate
Anzahl Personen mit jedem Resultat
Perzentil nach korrekt beantworteten Fragen
Ihre Resultats-Entwicklung
Sie haben dieses Quiz noch nicht gespielt